000 01730nam a2200397Ia 4500
001 ebr10533482
003 CaPaEBR
006 m u
007 cr cn|||||||||
008 110712s2012 miuab sb s001 0 eng d
010 _z 2011024063
020 _z9780814336168
020 _z9780814334416
040 _aCaPaEBR
_cCaPaEBR
035 _a(OCoLC)778463102
050 1 4 _aQE627.5.M5
_bB54 2012eb
082 0 4 _a557.74/932
_223
100 1 _aBlewett, William L.,
_d1959-
245 1 0 _aGeology and landscape of Michigan's Pictured Rocks National Lakeshore and vicinity
_h[electronic resource] /
_cWilliam L. Blewett.
260 _aDetroit :
_bWayne State University Press,
_cc2012.
300 _axv, 181 p. :
_bill., maps.
490 1 _aGreat Lakes books
504 _aIncludes bibliographical references and index.
533 _aElectronic reproduction.
_bPalo Alto, Calif. :
_cebrary,
_d2013.
_nAvailable via World Wide Web.
_nAccess may be limited to ebrary affiliated libraries.
650 0 _aGeology, Structural
_zMichigan
_zPictured Rocks National Lakeshore.
650 0 _aGlaciology
_zMichigan
_zPictured Rocks National Lakeshore.
650 0 _aPaleogeography
_yPleistocene.
650 0 _aPaleogeography
_yHolocene.
650 0 _aGeology, Stratigraphic
_yPleistocene
_zMichigan
_zPictured Rocks National Lakeshore.
650 0 _aGeology, Stratigraphic
_yHolocene
_zMichigan
_zPictured Rocks National Lakeshore.
651 0 _aPictured Rocks National Lakeshore (Mich.)
655 7 _aElectronic books.
_2local
710 2 _aebrary, Inc.
830 0 _aGreat Lakes books.
856 4 0 _uhttp://site.ebrary.com/lib/rucke/Doc?id=10533482
_zAn electronic book accessible through the World Wide Web; click to view
999 _c148218
_d148218